STN EN 14134:2005 (12 7022), Vetranie budov. Skúšanie vlastností a inštalácia systémov na vetranie obytných priestorov
Táto norma je slovenskou verziou EN 14134: 2004. Európska norma EN 14134: 2004 má postavenie slovenskej technickej normy
| Hlavný autor: | |
|---|---|
| Médium: | Kniha |
| Jazyk: | slovenčina angličtina |
| Fyzický popis: | 24 s. obr. 30 cm |
| Vydavateľské údaje: |
Bratislava
Slovenský ústav technickej normalizácie
2005
|
| Predmet: |
MARC
| LEADER | 00000nam a2200000 a 4500 | ||
|---|---|---|---|
| 001 | vtls008296827 | ||
| 003 | SK-MaSNL | ||
| 005 | 20260301164431.0 | ||
| 008 | 160624s2005 xo l f u 000 0 slo | ||
| 015 | |a SNBN2007/01-00423 | ||
| 020 | |c (cen. skup. 12) | ||
| 040 | |a SNK |b slo |c SNK |e AACR2 | ||
| 041 | 1 | |a slo |h eng | |
| 044 | |a xo |c SK | ||
| 046 | |a s |m 200506 (účin.) | ||
| 072 | 7 | |a 697 |x Vykurovanie, vetranie, klimatizácia |2 konspekt | |
| 080 | |a 697.92 |2 2001 | ||
| 080 | |a 697.9 |2 2001 | ||
| 080 | |a 696 |2 2001 | ||
| 080 | |a (083) |2 2001 | ||
| 080 | |a 006.7/.8 |2 2001 | ||
| 080 | |a (437.6) |2 2001 | ||
| 080 | |a (4) |2 2001 | ||
| 080 | |a 721 |2 2001 | ||
| 084 | |a 91.140.30 |2 ICS | ||
| 130 | 0 | |a STN 12 7022 (STN EN 14134) |9 531828 | |
| 245 | 1 | 0 | |a STN EN 14134:2005 (12 7022), Vetranie budov. Skúšanie vlastností a inštalácia systémov na vetranie obytných priestorov |
| 246 | 1 | 0 | |a Vetranie budov |
| 246 | 1 | 0 | |a Skúšanie vlastností a inštalácia systémov na vetranie obytných priestorov |
| 246 | 3 | 0 | |a EN 14134: 2004 E |
| 260 | |a Bratislava |b Slovenský ústav technickej normalizácie |c 2005 | ||
| 300 | |a 24 s. |b obr. |c 30 cm | ||
| 500 | |a Táto norma nahrádza anglickú verziu STN EN 14184 z júla 2004 v celom rozsahu | ||
| 500 | |a Spracovateľ: Jozef Löffler. Technická komisia: TK 59 Klimatizácia a vzduchotechnické zariadenia | ||
| 504 | |a Bibliografia s. 22 | ||
| 520 | 8 | |a Táto norma je slovenskou verziou EN 14134: 2004. Európska norma EN 14134: 2004 má postavenie slovenskej technickej normy | |
| 540 | |a Normy sa podľa zákona č. 264/1999 Z. z. nesmú kopírovať | ||
| 650 | 0 | 7 | |a budovy |2 SNKPH |9 1283 |
| 650 | 0 | 7 | |a vetranie |2 SNKPH |9 277746 |
| 650 | 0 | 7 | |a vzduchotechnika |2 SNKPH |9 1281 |
| 650 | 0 | 7 | |a klimatizačná technika |2 SNKPH |9 67887 |
| 650 | 0 | 7 | |a inštalácia v budovách |2 SNKPH |9 306180 |
| 650 | 0 | 7 | |a technické normy a štandardy |z Slovensko |2 SNKPH |9 79594 |
| 650 | 0 | 7 | |a technické normy a štandardy |z krajiny Európskej únie |2 SNKPH |9 289341 |
| 655 | 7 | |a normy |2 SNKPH |9 70643 | |
| 700 | 1 | |a Löffler, Jozef |4 aut |4 trl |9 403272 | |
| 710 | 2 | |a Slovenský ústav technickej normalizácie (Bratislava, Slovensko). |b Technická komisia č. 59 Klimatizácia a vzduchotechnické zariadenia |4 stn |9 403273 | |
| 958 | |a OP | ||
| 958 | |a NB | ||
| 999 | |c 820610 |d 822540 | ||
| 952 | |a SNK |b SNK |y PREZ |7 0 |p 17A0479827 |o snkSTN EN 14134 |i snk2005/15079 |8 0 |0 0 |1 0 |4 0 |d 2005-09-09 |l 0 |r 2026-02-24 03:05:01 |w 2026-02-24 | ||
| 952 | |a SNK |b SNK |y PREZ |7 0 |p 17A0479818 |o snkSTN EN 14134 D1 |i snk2005/15080 |8 0 |0 0 |1 0 |4 0 |d 2005-09-09 |l 0 |r 2026-02-24 03:05:01 |w 2026-02-24 | ||


